zpět

Detail výsledku týmu

Pivovar Kolkovna - Praha 7, Praha

Datum a čas kvízu

36 Celkem bodů Celkový počet nahraných bodů na tomto kvízu bez doplňovacích otázek.
5. Pořadí na kvízu Konečné umístění týmu na tomto kvízu.

Zaznamenané odpovědi

# Otázka Odpověď Body Výsledky
1. Šéf odborů po svém znovuzvolen... Josef Středula 0
2. Ruská plynárenská společnost G... Polsko, Bulharsko 1
3. Ve čtvrtek vstoupil do našich... Promlčeno 1
4. Tradiční český výrobce letadel... v Kunovicích 0
5. Kolikátý mistrovský titul po s... třetí titul v řadě 1
6. Při závodech osmiveslic nesmí... kormidelníka 1
7. Aby byl kůň podle Mezinárodní... D 0
8. Celkem 22 koulí, plocha necelý... snooker 1
9. Kterou hodnotu určuje číslo 88... B 0
10. Křížová cesta je řada kapliček... 14 zastavení 1